Pesticide chemistry / (Record no. 6301)
[ view plain ]
| 000 -LEADER | |
|---|---|
| fixed length control field | 00939cam a2200265 a 4500 |
| 001 - CONTROL NUMBER | |
| control field | BD-DhSAU 6301 |
| 003 - CONTROL NUMBER IDENTIFIER | |
| control field | BD-DhSAU |
| 005 - DATE AND TIME OF LATEST TRANSACTION | |
| control field | 20150507154203.0 |
| 008 - FIXED-LENGTH DATA ELEMENTS--GENERAL INFORMATION | |
| fixed length control field | 880519s1988 ne a b 001 0 eng |
| 020 ## - INTERNATIONAL STANDARD BOOK NUMBER | |
| International Standard Book Number | 044498903X |
| 040 ## - CATALOGING SOURCE | |
| Original cataloging agency | BD-DhSAU |
| 082 00 - DEWEY DECIMAL CLASSIFICATION NUMBER | |
| Classification number | 632.954 |
| Edition number | 22 |
| Item number | MAP |
| 100 1# - MAIN ENTRY--PERSONAL NAME | |
| Personal name | Matolcsy, György, |
| 245 10 - TITLE STATEMENT | |
| Title | Pesticide chemistry / |
| Statement of responsibility, etc. | György Matolcsy, Miklós Nádasy, Viktor Andriska ; [translated by Gabriella Bogyó]. |
| 260 ## - PUBLICATION, DISTRIBUTION, ETC. (IMPRINT) | |
| Place of publication, distribution, etc. | New York : |
| Name of publisher, distributor, etc. | Elsevier , |
| -- | Elsevier Science Pub. Co. , |
| Date of publication, distribution, etc. | 1988. |
| 300 ## - PHYSICAL DESCRIPTION | |
| Extent | 808 p. : |
| Other physical details | ill. ; |
| Dimensions | 25 cm. |
| 440 #0 - SERIES STATEMENT/ADDED ENTRY--TITLE | |
| Title | Studies in environmental science ; |
| Volume/sequential designation | 32 |
| 500 ## - GENERAL NOTE | |
| General note | Based on: Növényvédelmi kémia / by Sándor Terényi. Budapest : Akadémiai Kiadó, 1967. |
| 504 ## - BIBLIOGRAPHY, ETC. NOTE | |
| Bibliography, etc | Includes bibliographies and index. |
| 590 ## - Name of Cataloguer | |
| Name of Cataloger | IMRAN |
| 650 #0 - SUBJECT ADDED ENTRY--TOPICAL TERM | |
| Topical term or geographic name as entry element | Pesticides. |
| 700 1# - ADDED ENTRY--PERSONAL NAME | |
| Personal name | Nádasy, Miklós. |
| 700 1# - ADDED ENTRY--PERSONAL NAME | |
| Personal name | Andriska, Viktor. |
| 700 1# - ADDED ENTRY--PERSONAL NAME | |
| Personal name | Terényi, Sándor. |
| Title of a work | Növényvédelmi kémia. |
| 942 ## - ADDED ENTRY ELEMENTS (KOHA) | |
| Source of classification or shelving scheme | Dewey Decimal Classification |
| Koha item type | Book |
| Withdrawn status | Lost status | Source of classification or shelving scheme | Damaged status | Not for loan | Home library | Branch Name | Shelving location | Date acquired | Total Checkouts | Full call number | Barcode | Date last seen | Price effective from | Koha item type |
|---|---|---|---|---|---|---|---|---|---|---|---|---|---|---|
| Dewey Decimal Classification | Not For Loan | SAU Library | SAU Library | Reference | 29/06/1993 | 632.954 MAP | 23943 | 07/05/2015 | 07/05/2015 | Book |
